L'identité en psychologie sociale : Des processus identitaires aux représentations sociales (notice n° 2151971)
[ vue normale ]
| 000 -LEADER | |
|---|---|
| fixed length control field | 01051cam a2200145 4500500 |
| 005 - DATE AND TIME OF LATEST TRANSACTION | |
| control field | 20260405032049.0 |
| 041 ## - LANGUAGE CODE | |
| Language code of text/sound track or separate title | fre |
| 042 ## - AUTHENTICATION CODE | |
| Authentication code | dc |
| 100 10 - MAIN ENTRY--PERSONAL NAME | |
| Personal name | Deschamps, Jean-Claude |
| Relator term | author |
| 245 00 - TITLE STATEMENT | |
| Title | L'identité en psychologie sociale : Des processus identitaires aux représentations sociales |
| 260 ## - PUBLICATION, DISTRIBUTION, ETC. | |
| Name of publisher, distributor, etc. | Armand Colin,<br/> |
| Date of publication, distribution, etc. | 2012.<br/> |
| 520 ## - SUMMARY, ETC. | |
| Summary, etc. | Pour comprendre la notion centrale et particulièrement complexe d’identité, située à l'articulation du social et du psychologique, cet ouvrage ancre l'approche dans la psychologie sociale, et définit l'identité comme un sentiment dynamique de similitudes et de différences entre soi, autrui et certains groupes. Cette conception amène les auteurs à donner une place centrale aux représentations dans la problématique de l'identité : représentations identitaires, représentations sociales et représentations du social. |
| 700 10 - ADDED ENTRY--PERSONAL NAME | |
| Personal name | Moliner, Pascal |
| Relator term | author |
| 856 41 - ELECTRONIC LOCATION AND ACCESS | |
| Uniform Resource Identifier | <a href="https://shs.cairn.info/l-identite-en-psychologie-sociale--9782200279080?lang=fr&redirect-ssocas=7080">https://shs.cairn.info/l-identite-en-psychologie-sociale--9782200279080?lang=fr&redirect-ssocas=7080</a> |
Pas d'exemplaire disponible.




Réseaux sociaux